Histórias que a primavera me contou (Registo nº 3920)

Detalhes MARC
000 -Etiqueta do registo
Cabeçalho 00809nam0a2200277 4500
005 - Identificador da versão
Campo de controlo 20240813122048.0
095 ## -
-- PTBN00772369
010 ## - Número internacional normalizado dos livros (ISBN)
Número (ISBN) 9721038091
021 ## - Número do Depósito Legal
Código do país PT
Número 74505/94
100 ## - Dados gerais de processamento
Dados gerais de processamento 19950929d1994 cd y0pory5003 ba
102 ## - Pais de publicação ou produção
País de publicação Portugal
101 0# - Língua de publicação
Língua do texto, banda sonora, etc. Português
106 ## - Campo de dados codificados: material textual
Dados codificados do material textual d
215 ## - Descrição física 
Indicação específica da natureza do documento e extensão da espécie [36] p.
Outras indicações físicas il. color
200 1# - Titulo e menção de responsabilidade
Título próprio Histórias que a primavera me contou
Primeira menção de responsabilidade Soledade Martinho Costa
Outras menções de responsabilidade il. Elisa Bernardo
225 1# - Colecção 
Título próprio da colecção Quatro estações
210 ## - Publicação, Distribuição, etc. 
Lugar da edição, distribuição, etc. [Mem Martins]
Nome do editor, distribuidor, etc. Europa América
Data da publicação, distribuição, etc. D.L. 1994
606 ## - Nome comum usado como assunto
Número de registo de entrada de autoridade 0001335
Palavra de ordem Literatura portuguesa
Subdivisão de assunto Conto
Código do sistema CA
675 ## - Classificação Decimal Universal (CDU)
Notação 821.134.3-34
Edição 3ª ed.
Língua da edição por
702 #1 - Nome de autor-pessoa física (responsabilidade secundária)
Número de registo de entrada de autoridade 0000377
Palavra de ordem Bernardo
Outra parte do nome não tomada para palavra de ordem Elisa
Código de função Ilustrador / Técnico de desenho computorizado
700 #1 - Nome de autor-pessoa física (responsabilidade principal)
Número de registo de entrada de autoridade 0001921
Palavra de ordem Costa
Outra parte do nome não tomada para palavra de ordem Soledade Martinho
Datas 1937-
966 ## - Identificação da Biblioteca
Sigla EBVEN
942 ## - Elementos de entrada adicionados (Koha)
Tipo de item no Koha Livro
Exemplares
Situação do levantamento Origin of item (home branch) (coded) Biblioteca de empréstimo Código de barras Cota Circulation type (not for loan) Tipo de documento Nota do exemplar Damaged status
  Biblioteca Escolar das Vendas Biblioteca Escolar das Vendas BEV264 8POR COS   Livro Sem mensagem